<?xml version="1.0" encoding="UTF-8"?>
<record
    xmlns:xsi="http://www.w3.org/2001/XMLSchema-instance"
    xsi:schemaLocation="http://www.loc.gov/MARC21/slim http://www.loc.gov/standards/marcxml/schema/MARC21slim.xsd"
    xmlns="http://www.loc.gov/MARC21/slim">

  <leader>01297nji a22002657a 4500</leader>
  <controlfield tag="005">20100831102949.0</controlfield>
  <controlfield tag="006">a|||||r|||||00| 0 </controlfield>
  <controlfield tag="007">sd ammalaaahaa</controlfield>
  <controlfield tag="008">100830t        xxu||||| |||| 00| 0 eng d</controlfield>
  <datafield tag="028" ind1=" " ind2=" ">
    <subfield code="a">N 51559</subfield>
    <subfield code="b">His Master's Voice</subfield>
  </datafield>
  <datafield tag="035" ind1=" " ind2=" ">
    <subfield code="a">GR-00288</subfield>
  </datafield>
  <datafield tag="040" ind1=" " ind2=" ">
    <subfield code="a">SED</subfield>
    <subfield code="c">SED</subfield>
  </datafield>
  <datafield tag="100" ind1=" " ind2=" ">
    <subfield code="9">17455</subfield>
    <subfield code="a">Bhosle, Asha</subfield>
  </datafield>
  <datafield tag="245" ind1=" " ind2=" ">
    <subfield code="a">Jhanak Jhanak payal baje /</subfield>
    <subfield code="c">by Asha Bhosle ; Music by Vasant Desai</subfield>
    <subfield code="h">[sound recording] :</subfield>
  </datafield>
  <datafield tag="246" ind1=" " ind2=" ">
    <subfield code="a">&#x91D;&#x928;&#x915; &#x91D;&#x928;&#x915; &#x92A;&#x93E;&#x92F;&#x932; &#x92C;&#x91C;&#x947; / &#x906;&#x936;&#x93E; &#x92D;&#x94B;&#x938;&#x932;&#x947; </subfield>
  </datafield>
  <datafield tag="260" ind1=" " ind2=" ">
    <subfield code="a">Dum Dum, India </subfield>
    <subfield code="b">His Master's Voice</subfield>
    <subfield code="c">n.d.</subfield>
  </datafield>
  <datafield tag="300" ind1=" " ind2=" ">
    <subfield code="a">1 sound disc [Gramophone Recording]:</subfield>
    <subfield code="b">analog, 33 1/3 rpm </subfield>
    <subfield code="c">9.5 in. (MP)</subfield>
    <subfield code="f">Gramophone Record</subfield>
  </datafield>
  <datafield tag="500" ind1=" " ind2=" ">
    <subfield code="a">Brief Record</subfield>
  </datafield>
  <datafield tag="505" ind1=" " ind2=" ">
    <subfield code="a">side 1 &#x935;&#x93F;&#x936;&#x94D;&#x935;&#x93E;&#x92E;&#x93F;&#x924;&#x94D;&#x930; &#x92E;&#x947;&#x928;&#x915;&#x93E; &#x928;&#x943;&#x924;&#x94D;&#x92F; &#x91D;&#x928;&#x915; &#x91D;&#x928;&#x915; &#x92A;&#x93E;&#x92F;&#x932; &#x92C;&#x93E;&#x91C;&#x947; ( vishvamitra menka nritya jhanak jhanak payal baaje) , &#x935;&#x93F;&#x930;&#x939;&#x93F;&#x923;&#x940; &#x928;&#x943;&#x924;&#x94D;&#x92F; &#x91D;&#x928;&#x915; &#x91D;&#x928;&#x915; &#x92A;&#x93E;&#x92F;&#x932; &#x92C;&#x93E;&#x91C;&#x947; (Virhini nirtya Jhanak jhanak payal baaje) ( Asha Bhosle)</subfield>
  </datafield>
  <datafield tag="650" ind1=" " ind2=" ">
    <subfield code="a">Classical music</subfield>
    <subfield code="z">India</subfield>
    <subfield code="9">1186</subfield>
    <subfield code="x">Excerpts</subfield>
  </datafield>
  <datafield tag="700" ind1=" " ind2=" ">
    <subfield code="9">17416</subfield>
    <subfield code="a">Desai, Vasant </subfield>
  </datafield>
  <datafield tag="700" ind1=" " ind2=" ">
    <subfield code="9">17456</subfield>
  </datafield>
  <datafield tag="942" ind1=" " ind2=" ">
    <subfield code="2">ddc</subfield>
    <subfield code="c">GR</subfield>
  </datafield>
  <datafield tag="999" ind1=" " ind2=" ">
    <subfield code="c">43392</subfield>
    <subfield code="d">43392</subfield>
  </datafield>
  <datafield tag="952" ind1=" " ind2=" ">
    <subfield code="0">0</subfield>
    <subfield code="1">0</subfield>
    <subfield code="2">ddc</subfield>
    <subfield code="4">0</subfield>
    <subfield code="7">1</subfield>
    <subfield code="8">NFIC</subfield>
    <subfield code="a">L</subfield>
    <subfield code="b">L</subfield>
    <subfield code="d">2010-09-01</subfield>
    <subfield code="e">SED/VEN</subfield>
    <subfield code="l">0</subfield>
    <subfield code="p">GR-00288</subfield>
    <subfield code="r">2010-09-01 00:00:00</subfield>
    <subfield code="t">1</subfield>
    <subfield code="w">2010-09-01</subfield>
    <subfield code="y">GR</subfield>
  </datafield>
</record>
